La lengua española hoy / (Record no. 12274)

MARC details
000 -LEADER
campo de control de longitud fija 00803nam a22002535i 4500
001 - NÚMERO DE CONTROL
campo de control 12274
003 - IDENTIFICADOR DE NÚMERO DE CONTROL
campo de control ES-MaACL
005 - FECHA Y HORA DE LA ÚLTIMA TRANSACCIÓN
campo de control 20250817062545.0
007 - CAMPO FIJO DE DESCRIPCIÓN FÍSICA--INFORMACIÓN GENERAL
campo de control de longitud fija t|
008 - DATOS DE LONGITUD FIJA--INFORMACIÓN GENERAL
campo de control de longitud fija 960201s1995 sp ||||0| spa j
020 ## - NÚMERO INTERNACIONAL ESTÁNDAR DEL LIBRO
Número Internacional Estándar del Libro 84-7075-453-X
040 ## - FUENTE DE CATALOGACIÓN
Centro catalogador/agencia de origen M-BN
Lengua de catalogación spa
Centro/agencia transcriptor M-BN
080 ## - NÚMERO DE LA CLASIFICACIÓN DECIMAL UNIVERSAL
Número de la Clasificación Decimal Universal 806.0"19"
245 03 - MENCIÓN DEL TÍTULO
Título La lengua española hoy /
Mención de responsabilidad, etc. coordinación, Manuel Seco y Gregorio Salvador ; Eugenio de Bustos ... [et al.].
260 ## - PUBLICACIÓN, DISTRIBUCIÓN, ETC.
Lugar de publicación, distribución, etc. Madrid :
Nombre del editor, distribuidor, etc. Fundación Juan March,
Fecha de publicación, distribución, etc. D.L. 1995.
300 ## - DESCRIPCIÓN FÍSICA
Extensión 322 p ;
Dimensiones 23 cm.
650 14 - PUNTO DE ACCESO ADICIONAL DE MATERIA--TÉRMINO DE MATERIA
Término de materia o nombre geográfico como elemento de entrada Lengua española-
Subdivisión cronológica S.XX.
9 (RLIN) 14183
700 1# - ENTRADA AGREGADA--NOMBRE PERSONAL
Nombre de persona Bustos, Eugenio de.
9 (RLIN) 32927
700 1# - ENTRADA AGREGADA--NOMBRE PERSONAL
Nombre de persona Seco, Manuel.
9 (RLIN) 105046
700 0# - ENTRADA AGREGADA--NOMBRE PERSONAL
Nombre de persona Salvador, Gregorio,
Fechas asociadas al nombre 1927-2020
9 (RLIN) 102071
710 2# - ENTRADA AGREGADA--NOMBRE DE ENTIDAD CORPORATIVA
Nombre de entidad corporativa o nombre de jurisdicción como elemento de entrada Fundación Juan March
9 (RLIN) 4346
852 ## - LOCALIZACIÓN
Ubicación ES-MaACL
Número de control de estantería L-19578
Sublocalización o colección R.124559
Holdings
Estatus retirado Estado de pérdida Estado de daño No para préstamo Biblioteca de origen Biblioteca actual Ubicación en estantería Fecha de adquisición Fuente de adquisición Total de préstamos Signatura topográfica completa Código de barras Visto por última vez Precio de reemplazo Tipo de ítem Koha
        Biblioteca del Ateneo de Madrid Biblioteca del Ateneo de Madrid Depósito 2 17/01/2008     L-19578 1012507 23/02/2023 23/02/2023 Libro impreso